000 nam a22 7a 4500
999 _c8807
_d8807
008 180119b ||||| |||| 00| 0 eng d
100 _aNCERT
_95139
245 _aIndian History - XII
260 _aNCERT
_bNew Delhi
_c2007